| 000 | 02179nam a22001697a 4500 | ||
|---|---|---|---|
| 003 | SGT | ||
| 020 | _a9780070700772 | ||
| 082 | _a338.7,PAU | ||
| 100 | _aPAUL,JUSTIN | ||
| 245 | _aBUSINESS ENVIRONMENTAL : TEXT AND CASES | ||
| 250 | _a3RD | ||
| 260 |
_aNEW DELHI _bTMH _c2013 |
||
| 300 | _a507 | ||
| 650 | _aPRODUCTION | ||
| 653 | _aPart One: Political Economy, Development Economics, Government and Society 1. Nature and Dynamics of Business Environment 2. Political Environment and Economic Systems 3. Economic Growth and Development Part Two: Indian Economy and Business Environment 4. Anatomy of the Indian Economy 5. Globalisation and Business Environment Part Three: Industrial Policies and Regulatory Structure 6. Industrial Policy 7. Industry Analysis: Textiles, Electronics and Automobiles 8. Industry Analysis—FMCG, Chemicals and Pharmaceutical Sectors Part Four: Economic Policies 9. Privatisation: Problems and Prospects 10. Fiscal Policy, Union Budget and Taxation 11. Monetary Policy and Banking Sector Reforms Part Five: Technology and Business Environment 12. Technological Environment of Business Part Six: Investment Environment, Opportunities and Indicators: Legal and Regulatory Systems 13. Capital Market, Stock Exchanges, and Present Scenario 14. Legal Environment of Business, Mergers and Acquisitions Part Seven: International Economic and Business Environment 15. Global Recession and New Business Environment 16. WTO: Agreements and Current Issues 17. India’s Trade Policy 18. External Sector—BoP, Currency Convertibility, ADR-GDRs and FEMA 19. Global Outsourcing 20. Multinational Companies and Foreign Direct Investment Part Eight: Social Environment 21. Social Environment in India and China 22. Corporate Governance and Corporate Social Responsibility Part Nine: Global Economy and Business Environment 23. Economic and Business Environment in Europe 24. Economic and Business Environment in SAARC Countries 25. Economic and Business Environment in East and South-East Asian Countries 26. Economic and Business Environment in South America 27. Economic and Business Environment in North America | ||
| 942 |
_2ddc _cFCM |
||
| 999 |
_c8875 _d8875 |
||